| 000 | 00583nam a22002057a 4500 | ||
|---|---|---|---|
| 001 | 544 | ||
| 005 | 20221127085951.0 | ||
| 008 | 050920s lxxk | 00100|eng d | ||
| 020 |
_a0749426667 : _cSR12.00 |
||
| 035 | _a557 | ||
| 082 | 0 | 4 |
_a658.4052 _bF491 1998 |
| 100 | 1 | _aFinch, Brian. | |
| 245 | 1 | 0 |
_a30 minutes to negotiate a better deal / _cBrian Finch. |
| 246 | 1 | _aThirty minutes to negotiate a better deal. | |
| 260 |
_aLondon : _bKogan Page, _c1998. |
||
| 300 |
_a63 p. ; _c18 cm. |
||
| 440 | 0 | _a30 minutes series. | |
| 650 | 4 | _aNegotiation in business. | |
| 650 | 4 | _aManagement. | |
| 999 |
_c544 _d544 |
||